00563nam a22001697a 4500003001100000005001700011008004100028040003900069041000800108082001300116100001900129245010900148260005600257300001000313650004100323650002900364LK-CoMWRAF20240319103957.0240211b1979 |||||||| |||| 00| 0 eng d aLK-CoMWRAFdLK-CoMWRAFeLK-CoMWRAF aeng a923bAKB aAkbar, Zem Zem aThe life and times of Marhoom A. M. Wapche Marikar:bbuilder architect, educationist and philanthrophist aColombo :bThe Moors' islamic cultural home, c1979 a19 p. aBIOGRAPHIES-revolutionists-Sri Lanka aMuslim revival-Sri Lanka